Africa (Record no. 108803)
[ view plain ]
| 000 -LEADER | |
|---|---|
| fixed length control field | 00679nam a2200181 a 4500 |
| 005 - DATE AND TIME OF LATEST TRANSACTION | |
| control field | 20140414093832.0 |
| 008 - FIXED-LENGTH DATA ELEMENTS--GENERAL INFORMATION | |
| fixed length control field | 020926s19uu xx 00 eng d |
| 050 ## - LIBRARY OF CONGRESS CALL NUMBER | |
| Classification number | VHS 900 |
| Item number | OR 13 |
| 100 ## - MAIN ENTRY--PERSONAL NAME | |
| Personal name | Time Life |
| 245 ## - TITLE STATEMENT | |
| Title | Africa |
| Remainder of title | a history denied |
| 260 ## - PUBLICATION, DISTRIBUTION, ETC. (IMPRINT) | |
| Place of publication, distribution, etc | Singapore |
| Name of publisher, distributor, etc | Time Life Asia |
| Date of publication, distribution, etc | c1995 |
| 300 ## - PHYSICAL DESCRIPTION | |
| Extent | 48 mins. |
| 500 ## - GENERAL NOTE | |
| General note | narrrated by Sam Waterston |
| 520 ## - SUMMARY, ETC. | |
| Summary, etc | Cloaked in darkness since medieval times, the spectacular ruins of the once dazzling, southern African kingdom of Great Zimbabwe posed a thorny dilemma for white settlers who claimed to have discovered the region a mere hundred years before. |
| 650 ## - SUBJECT ADDED ENTRY--TOPICAL TERM | |
| Topical term or geographic name as entry element | History |
| 942 ## - ADDED ENTRY ELEMENTS (KOHA) | |
| Koha item type | Audio Visual Materials |
| Withdrawn status | Lost status | Damaged status | Use restrictions | Home library | Current library | Shelving location | Date acquired | Source of acquisition | Total Checkouts | Full call number | Barcode | Date last seen | Price effective from | Koha item type |
|---|---|---|---|---|---|---|---|---|---|---|---|---|---|---|
| Luxembourg Library | Luxembourg Library | Audio Visual Material Section | 07/11/2003 | VHS 900 OR 13 | AV0269 | 04/14/2014 | 04/14/2014 | Audio Visual Materials |